Marketing in India : cases and readings (Record no. 173976)

MARC details
000 -LEADER
fixed length control field 00402nam a2200157Ia 4500
008 - FIXED-LENGTH DATA ELEMENTS--GENERAL INFORMATION
fixed length control field 231217s9999 xx 000 0 und d
041 ## - LANGUAGE CODE
Language code of text/sound track or separate title English
082 ## - DEWEY DECIMAL CLASSIFICATION NUMBER
Classification number 658.8 NEE;1 R
100 ## - MAIN ENTRY--PERSONAL NAME
Personal name Neelamegham, S
245 #0 - TITLE STATEMENT
Title Marketing in India : cases and readings
250 ## - EDITION STATEMENT
Edition statement 3rd ed.
260 ## - PUBLICATION, DISTRIBUTION, ETC.
Date of publication, distribution, etc. 2000
Name of publisher, distributor, etc. Vikas
Place of publication, distribution, etc. New Delhi
300 ## - PHYSICAL DESCRIPTION
Extent xix+506
650 ## - SUBJECT ADDED ENTRY--TOPICAL TERM
Topical term or geographic name entry element Marketing,India,:,readings
942 ## - ADDED ENTRY ELEMENTS (KOHA)
Koha item type Books
Holdings
Date last seen Total checkouts Full call number Accession number Cost, total (INR) price Price effective from Category Lost status Damaged status Department Withdrawn status Home library Current library Shelving location Entry date Vendor Cost, normal purchase price Grants Billnumber Billdate Currency symbol Conversion rate Discount Old discount
26/01/2024   658.8 NEE;1 R 32376 138.75 26/01/2024 Books     Central Library   Central Library Central Library Central Library 18/02/2005 I K International 185.00 MBA 1739 06/11/2007 RS 1 46.25 25
26/01/2024   658.8 NEE;2 R1 32377 138.75 26/01/2024 Books     Central Library   Central Library Central Library Central Library 18/02/2005 I K International 185.00 MBA 1739 06/11/2007 RS 1 46.25 25
26/01/2024   658.8 NEE;3 32378 138.75 26/01/2024 Books     Central Library   Central Library Central Library Central Library 18/02/2005 I K International 185.00 MBA 1739 06/11/2007 RS 1 46.25 25
26/01/2024   658.8 NEE;4 32379 138.75 26/01/2024 Books     Central Library   Central Library Central Library Central Library 18/02/2005 I K International 185.00 MBA 1739 06/11/2007 RS 1 46.25 25
26/01/2024   658.8 NEE;5 32380 138.75 26/01/2024 Books     Central Library   Central Library Central Library Central Library 18/02/2005 I K International 185.00 MBA 1739 06/11/2007 RS 1 46.25 25
26/01/2024   658.8 NEE;6 40085 220.00 26/01/2024 Books     MBA   Central Library Central Library MBA 09/01/2006 Sri Lakshmi 275.00 MBA 321 30/01/2006 RS 1 55 20

© For any Suggestions or Query, please contact the library staff @ librarian@pes.edu or Phone: +9180 2672 1983/ 2108.